| 000 | 00753nam a2200241 4500 | ||
|---|---|---|---|
| 003 | OSt | ||
| 005 | 20240614050626.0 | ||
| 006 | a | ||
| 008 | 240614b |||||||| |||| 00| 0 eng d | ||
| 020 | _a9781441121516 | ||
| 040 |
_aDWCL-Main lib. _cOC |
||
| 082 |
_2Second edition _aCirc. 425 J13i 2011 |
||
| 100 | _aJackson, Howard | ||
| 245 | _aAn introduction to the nature and functions of language / | ||
| 250 | _aSecond edition | ||
| 260 |
_aLondon : _bContinuum Int’l Pub., _cc2011. |
||
| 300 |
_aix, _b231 p. : ill. ; _c25 cm. |
||
| 504 | _aIncludes bibliographical references & index. | ||
| 650 | _a1. English language–Grammar. | ||
| 650 | _a2. Linguistics. | ||
| 700 | _aHoward Jackson | ||
| 942 |
_2ddc _n0 _cBK-CIRC _eSecond edition _kCirc. |
||
| 999 |
_c689 _d689 |
||